Statistics for Countries with ONLY red blue and white in their flag

Click here to take the quiz!

General Stats

  • This quiz has been taken 46 times
  • The average score is 15 of 24

Answer Stats

HintAnswer% Correct
OceaniaNew Zealand
93%
N. AmericaUnited States Of America
93%
OceaniaAustralia
91%
EuropeUnited Kingdom
86%
EuropeFrance
81%
AsiaRussia
77%
EuropeNetherlands
74%
EuropeSlovakia
72%
S. AmericaChile
70%
N. AmericaCuba
67%
EuropeLuxembourg
65%
EuropeNorway
63%
N. AmericaPanama
63%
EuropeIceland
60%
N. AmericaCosta Rica
58%
OceaniaSamoa
56%
AsiaLaos
53%
AsiaThailand
53%
AsiaCambodia
49%
EuropeCzech Republic
49%
AfricaLiberia
47%
AsiaTaiwan
44%
AsiaNorth Korea
42%
AsiaNepal
28%

Score Distribution

Percentile by Number Answered

Percent of People with Each Score

Your Score History

You have not taken this quiz